000 00682nam a2200277Ia 4500
005 20260324133549.0
008 008 260324s9999 xx 000 0 eng d
020 _a9781003555155
037 _aEBOOK
040 _aCRL
040 _beng
040 _cCRL
041 _2eng
041 _aeng
084 _qCRL
100 _aAnn Freeman
_91193566
245 0 _aTheodulf of Orléans: Charlemagne's Spokesman against the Second Council of Nicaea
260 _bTaylor and Francis
260 _c2003
365 _a
365 _b205
856 _uhttp://www.taylorfrancis.com/books/9781003555155
942 _cEBOOK
999 _c1792732
_d1792732